1185 1156 1675 1296 1329 1847 1445 1275 1805 1229 1486 1451 1589 1670 1996 1987 1798 1036 1353 1856 1825 1701 1729 1801 1369 1118 1457 1193 1872 1618 1135 1048 1748 1406 1417 1784 1964 1513 1460 1225 1342 1685 1913 1845 1742 1653 1067 1811 1787 1916 1478 1447 1182 1133 1273 1472 1703 1415 1034 1401 1722 1654 1756 1603 1681 1747 1217 1600 1153 1042 1092 1041 1670 1411 1716 1481 1865 1226 1599 1162 1348 1438 1103 1966 1771 1684 1522 1658 1182 1897 1881 1336 1512 1366 1392 1391 1438 1306 1867 BCNSPRNW ULIB Ver.6.0+V

เปลี่ยนเป็นภาษาไทย

Change to English
 แสดงรายละเอียดบรรณานุกรม
  กลับหน้าหลัก

Brief Record : Get Marc (ISO 2709) : E-mail record : QR code < ปิดหน้าต่าง
LEADER : 00000nam 2200000uu 4500
001    13399124208
003     ULIB
008    150127s2556||||th 000 0 tha d
020    ^a9786165516174
060 04 ^aWL100^bบ827
110 1  ^aจุฬาลงกรณ์มหาวิทยาลัย.^bคณะแพทยศาสตร์
245 00 ^aBasic and clinical neuroscience 5 /^cบรรณาธิการโดยชัยภัทร ชุณหรัศมิ์, ณัฐ พสุธารชาติ, อรอุมา ชุติเนตร และ นิจศรี ชาญณรงค์
250    ^aพิมพ์ครั้งที่ 1
260    ^aกรุงเทพฯ :^bสาขาประสาทวิทยา ภาควิชาอายุรศาสตร์ คณะแพทยศาสตร์ จุฬาลงกรณ์มหาวิทยาลัย,^c2556
300    ^a518 หน้า :^bภาพประกอบ
650  7 ^aประสาทวิทยา
650  7 ^aประสาทวิทยาศาสตร์
700 0  ^aณัฐ พสุธารชาติ,^eบรรณาธิการ
700 0  ^aชัยภัทร ชุณหรัศมิ์,^eบรรณาธิการ
700 0  ^aนิจศรี ชาญณรงค์,^eบรรณาธิการ
700 0  ^aอรอุมา ชุติเนตร,^eบรรณาธิการ
945    ^p550^l0^i039002
945    ^p550^l0^i039003
945    ^p550^l0^i039004
999    ^aเกษร โพธิ์สุวรรณ
รายการนี้ยังไม่มีแท็ก
คุณยังไม่ได้ล็อกอิน คุณสามารถมีกิจกรรมร่วมกับเว็บไซต์ได้ แต่ต้องล็อกอินก่อน ::
  ล็อกอิน

รายการสื่อสารสนเทศ

ลำดับที่ ประเภท เลขเรียก/บาร์โค้ด สถานที่ สถานะ
1. วิทยาศาสตร์การแพทย์ และสุขภาพ
หนังสือสำรอง
สถานะ=หนังสือสำรอง
WL100 บ827 ฉ.1 
  Barcode: 039002
ห้องสมุดวิทยาเขตสวรรค์ประชารักษ์
►ส่วนจัดเก็บหนังสือเก่า สปร
บนชั้น
  ขอยืม
2. วิทยาศาสตร์การแพทย์ และสุขภาพ
วิทยาศาสตร์การแพทย์ และสุขภาพ
WL100 บ827 ฉ.2 
  Barcode: 039003
ห้องสมุดวิทยาเขตสวรรค์ประชารักษ์
►ส่วนจัดเก็บหนังสือเก่า สปร
บนชั้น
  ขอยืม
3. วิทยาศาสตร์การแพทย์ และสุขภาพ
วิทยาศาสตร์การแพทย์ และสุขภาพ
WL100 บ827 ฉ.3 
  Barcode: 039004
ห้องสมุดวิทยาเขตสวรรค์ประชารักษ์
►ส่วนจัดเก็บหนังสือเก่า สปร
บนชั้น
  ขอยืม

รายการใกล้เคียง
    หัวเรื่อง [ประสาทวิทยา]
    หัวเรื่อง [ประสาทวิทยาศาสตร์]

BibComment


ยังไม่เคยถูกคอมเมนท์

คอมเมนท์ทรัพยากรรายการนี้
  คอมเมนท์: Basic and clinic..


 Copyright 2026. Bcnsprnw @Library